Návrh výroby súčiastky v podmienkach firmy Kovoobrábanie CNC - Roman Fekeč

Na minha lista:
Detalhes bibliográficos
Autor principal: Hlušková, Simona, 1991- (Author)
Outros Autores: Pokorný, Peter, 1976- (Thesis advisor)
Formato: Manuscrito Livro
Idioma:eslovaco
Publicado em: 2015
Assuntos:
Acesso em linha:http://is.stuba.sk/zp/portal_zp.pl?podrobnosti=109936
Tags: Adicionar Tag
Sem tags, seja o primeiro a adicionar uma tag!

MARC

LEADER 00000ntm a22000003a 4500
001 stuzp51026
003 SK-STU
005 20160719153730.6
007 ta
008 150427s2015----xo-----f-mn---000-0-slo-d
040 |a STU  |b slo 
041 0 |a slo 
100 1 |a Hlušková, Simona,  |d 1991-  |u 063000  |4 aut  |U MTF Materiálovotechnologická fakulta  |T MTF Ústav výrobných technológií  |X 44704  |U M3000  |Y 83  |7 A000044704 
242 0 1 |a Design of production components in terms of company Metalworking CNC - Roman Fekeč  |y eng 
245 1 0 |a Návrh výroby súčiastky v podmienkach firmy Kovoobrábanie CNC - Roman Fekeč 
260 |c 2015 
650 4 |a SolidWorks  |2 slo 
650 4 |a PowerMill  |2 slo 
650 4 |a Vytváranie NC dráh  |2 slo 
650 4 |a Varianty  |2 slo 
650 4 |a Ekonomické zhodnotenie  |2 slo 
650 4 |a Options  |2 eng 
650 4 |a Economic recovery  |2 eng 
650 4 |a SolidWorks  |2 eng 
650 4 |a PowerMill  |2 eng 
650 4 |a Creating NC paths  |2 eng 
700 1 |a Pokorný, Peter,  |d 1976-  |4 ths  |X 2771  |7 A000002771 
856 4 |u http://is.stuba.sk/zp/portal_zp.pl?podrobnosti=109936 
996 |c M* DP-12373  |l MMSKP  |s P  |a 0  |w stuzp51026_0001 
SQL |a stuzp51026  |b DDP  |c SLO  |d Návrh výroby súčiastky v podmienkach firmy Kovoobrábanie CNC - Roman Fekeč  |e 44704  |f Hlušková, Simona  |g 063000  |h 2771  |i Pokorný, Peter  |j 20150604  |k 187  |l 06  |m http://is.stuba.sk/zp/portal_zp.pl?podrobnosti=109936  |n I-PPN  |o 5.2.51. výrobné technológie